000 01022nam a22002177a 4500
999 _c22470
_d22470
003 AR-CdUCM
008 190319b ||||| |||| 00| 0 spa d
020 _a9786123072018
040 _aMUNICIPALIDAD PROVINCIAL DEL CUSCO
_cBIBLIOTECA MUNICIPAL DEL CUSCO
082 _a511.3076/A77
_bA77
_21a ed., 3a reimpr.
100 _aArroyo Castillo, Christian
_948276
245 _aOperaciones matemáticas :
_bteoría y práctica /
_cChristian Arroyo Castillo
260 _aLima :
_bAsociación Fondo de Investigadores y Editores : Lumbreras Editores,
_c2019.
300 _a156, [2] páginas. :
_bilustraciones ;
_c22 cm.
500 _aSubtítulo de la cubierta. "Niveles básico - intermedio - avanzado"--Cubierta. Incluye respuestas claves de preguntas propuestas. Texto a dos columnas.
_zBibliografía: p. [158]
650 _aRazonamiento matemático
_928156
650 _aProblemas, ejercicios, etc.
_925134
710 _aAsociación Fondo de Investigadores y Editores (Lima)
_942354
942 _2ddc
_cLIBROS
945 _arac